000 00415nam a22001817a 4500
003 MPLRDC
005 20220104163100.0
008 210129b ||||| |||| 00| 0 eng d
020 _a0-7499-1314-2
082 _a490.7 BLA
100 _aHARRY DENT
245 _aTHE GREAT BOOM AHEAD
_c
250 _a第一版
260 _a
_bJUDY PIATKUS LTD.
_c1993
300 _b
650 _a
942 _cBK
_o490.7 BLA
999 _c56284
_d56274